La lámpara de arcilla
Saved in:
| Hovedforfatter: | |
|---|---|
| Format: | Bog |
| Sprog: | spansk |
| Udgivet: |
Santiago
Nascimento
1948
|
| Udgivelse: | 1a. ed |
| Fag: | |
| Tags: |
Tilføj Tag
Ingen Tags, Vær først til at tagge denne postø!
|
MARC
| LEADER | 00000nam a2200000 a 4500 | ||
|---|---|---|---|
| 001 | UCJ3979 | ||
| 003 | CL-VaPUC | ||
| 008 | 070124e19481225CL |||||||||||||||||spa|d | ||
| 082 | 0 | 4 | |a Ch861 |b CAS |2 21 |
| 100 | 0 | |a Castillo, Carmen |e author |9 506704 | |
| 245 | 1 | 3 | |a La lámpara de arcilla |
| 250 | |a 1a. ed | ||
| 300 | |a 87 p | ||
| 942 | |c BK | ||
| 945 | |d 20070124 00:00:00 |a rinostro | ||
| 260 | |a Santiago |b Nascimento |c 1948 | ||
| 500 | |a Fotografía de la autora | ||
| 600 | 0 | 7 | |a D'HALMAR, AUGUSTO |2 CL-VaPUC |9 315574 |
| 650 | 0 | |a Poesía chilena |9 268403 | |
| 650 | 0 | |a Crítica literaria |9 269189 | |
| 650 | 0 | |a Iconografía |9 267998 | |
| 583 | |a last modification |c 20070124 00:00:00 |k Rodrigo Vera | ||
| 999 | |c 320097 |d 320095 | ||
| 952 | |0 0 |1 0 |4 0 |6 CH_861_000000000000000_CAS_1948 |7 0 |8 X |9 398558 |a FDOBUD |b FDOBUD |d 2019-11-22 |i 1011847 |o Ch861 CAS 1948 |p 1011847 |r 2019-11-22 |w 2019-11-22 |y BK_X |k BUD | ||